| 000 | 00821 a2200253 4500 | ||
|---|---|---|---|
| 005 | 20260323153708.0 | ||
| 008 | 260323b |||||||| |||| 00| 0 eng d | ||
| 020 | _a9789348759764 (hbk) | ||
| 037 | _cTB | ||
| 040 |
_aCRL _cCRL |
||
| 041 |
_2URD _aURD |
||
| 084 |
_aO111,3N11,AO 168R5 _bCRL |
||
| 100 |
_aNajeeb Mehfooz _91115038 |
||
| 245 | _aAab-e-neel pe awargi | ||
| 260 |
_aLucknow, India: _bMatterlink Publishers, _c2025. |
||
| 300 | _a175p. | ||
| 365 |
_b450.00 _cINR |
||
| 546 | _aTranslated from English to Urdu | ||
| 650 | _aEnglish Literature | ||
| 650 | _aEnglish Fiction | ||
| 700 |
_aZaidi, Nayyar Abbas _eTranslator _91137649 |
||
| 942 |
_cTB _2CC _hO111,3N11,AO 168R5 |
||
| 999 |
_c1679235 _d1679235 |
||